• 首页
  • 本馆介绍
  • 公告通知
  • 最新文献
  • 馆藏检索
  • 电子资源
  • 读者导购
  • 参考咨询
  • 我的图书馆
  • 登录
  • 详细信息显示
  • 放入我的书架
  • 预约/预借图书
  • 作者相关作品
  • 分类相关作品
  • 丛书相关作品
  • 出版社相关作品

书目信息

  • 表格格式
  • 工作单格式
  • 卡片格式
题名:
金融变革下的中国企业成长
    
 
作者: 鞠晓生 著
分册:  
出版信息: 北京   中国经济出版社  2015
页数: 177页
开本: 24cm
丛书名:
单 册:
中图分类: F832.1 , F279.23
科图分类:
主题词: 金融改革--jin rong gai ge--影响--企业成长--研究--中国 , 影响--ying xiang , 企业成长--qi ye cheng chang , 研究--yan jiu , 中国--zhong guo
电子资源:
ISBN: 978-7-5136-3972-9
000 01188nam0 22003131 450
001 0102093625
005 20170402093625.0
010    @a978-7-5136-3972-9@dCNY48.00
100    @a20151114d2015 em y0chiy50 ea
101 0  @achi
102    @aCN@b110000
105    @aak z 001yy
106    @ar
200 1  @a金融变革下的中国企业成长@Ajin rong bian ge xia de zhong guo qi ye cheng chang@dChinese enterprises' growth under finacial reform@f鞠晓生著@zeng
210    @a北京@c中国经济出版社@d2015
215    @a177页@c图@d24cm
330    @a本书主要内容包括:引言;融资约束条件下的企业投资;金融体系改革与中国企业总资产增长;营运资本管理与企业创新可持续性;中国企业的创新融资与创新平滑;金融发展与企业成长的经济含义等。
333    @a企业成长研究人员
510 1  @aChinese enterprises' growth under finacial reform@zeng
606 0  @a金融改革@Ajin rong gai ge@x影响@x企业成长@x研究@y中国
606 0  @a影响@Aying xiang
606 0  @a企业成长@Aqi ye cheng chang
606 0  @a研究@Ayan jiu
606 0  @a中国@Azhong guo
690    @aF832.1@v5
690    @aF279.23@v5
701  0 @a鞠晓生@Aju xiao sheng@4著
801  0 @aCN@bTANGWEI@c20170308
905    @b0964330-3@dF832.1@e150@f4
    
    金融变革下的中国企业成长=Chinese enterprises' growth under finacial reform/鞠晓生著.-北京:中国经济出版社,2015
    177页:图;24cm
    使用对象:企业成长研究人员
    
    ISBN 978-7-5136-3972-9:CNY48.00
    本书主要内容包括:引言;融资约束条件下的企业投资;金融体系改革与中国企业总资产增长;营运资本管理与企业创新可持续性;中国企业的创新融资与创新平滑;金融发展与企业成长的经济含义等。
●
相关链接 在E读中查询图书 在五车中查询图书 在当当中查询图书 在豆瓣中查询图书


正题名:金融变革下的中国企业成长     索取号:F832.1/150         预约/预借

序号 登录号 条形码 馆藏地/架位号 状态 备注
1 0964330   209643304   第一样本阅览室/ [索取号:F832.1/150] 在馆    
2 0964331   209643313   密集书库-海洋学院/ [索取号:F832.1/150] 在馆    
3 0964332   209643322   第一借阅区/ [索取号:F832.1/150] 在馆    
4 0964333   209643331   第一借阅区/ [索取号:F832.1/150] 在馆    
唐山师范学院图书馆 欢迎您!
大连网信软件有限公司© 版权所有